|
|
|
|
| LEADER |
00000nam0a2200000 4500 |
| 001 |
197265 |
| 005 |
20231101224737.0 |
| 010 |
|
|
|a 9785996304639
|
| 035 |
|
|
|a (RuTPU)RU\TPU\book\215169
|
| 090 |
|
|
|a 197265
|
| 100 |
|
|
|a 20110608d2011 m y0rusy50 ca
|
| 101 |
0 |
|
|a rus
|
| 102 |
|
|
|a RU
|
| 105 |
|
|
|a a j 001zy
|
| 200 |
1 |
|
|a Проектирование радиоэлектронных средств на основе современных информационных технологий
|e учебное пособие
|f М. В. Головицына
|
| 210 |
|
|
|a Москва
|c БИНОМ. Лаборатория знаний
|c Интернет-Университет информационных технологий
|d 2011
|
| 215 |
|
|
|a 503 с.
|c ил.
|
| 225 |
1 |
|
|a Основы информационных технологий
|
| 320 |
|
|
|a Библиогр.: с. 476-477.
|
| 320 |
|
|
|a Список сокращений: с. 478-480.
|
| 320 |
|
|
|a Предметный указатель: с. 481-503.
|
| 330 |
|
|
|a В учебном пособии рассмотрены общие принципы и методология информационных технологий (ИТ) применительно ко всем этапам жизненного цикла радиоэлектронных средств (РЭС). Учебное пособие предназначено для студентов факультетов информатики и радиоэлектроники; оно может быть использовано студентами и аспирантами других технических и экономических специальностей, изучающих вопросы внедрения информационных технологий. Учебное пособие будет также полезно преподавателям, инженерам, менеджерам и другим специалистам, закончившим вузы пять и более лет назад, работающим на различных предприятиях, которые внедряют информационные технологии.
|
| 606 |
1 |
|
|a Радиоэлектроника
|x Автоматизированное проектирование
|2 stltpush
|3 (RuTPU)RU\TPU\subj\23339
|9 47950
|
| 610 |
1 |
|
|a радиоэлектронные средства
|
| 610 |
1 |
|
|a автоматизированное проектирование
|
| 610 |
1 |
|
|a РЭС
|
| 610 |
1 |
|
|a конструкции
|
| 610 |
1 |
|
|a технологические процессы
|
| 610 |
1 |
|
|a математические модели
|
| 610 |
1 |
|
|a моделирование
|
| 610 |
1 |
|
|a оптимизация
|
| 610 |
1 |
|
|a системы автоматизированного проектирования
|
| 610 |
1 |
|
|a технические средства
|
| 610 |
1 |
|
|a информационное обеспечение
|
| 610 |
1 |
|
|a иерархические уровни
|
| 610 |
1 |
|
|a графы
|
| 610 |
1 |
|
|a множества
|
| 610 |
1 |
|
|a конструкторское проектирование
|
| 610 |
1 |
|
|a модули
|
| 610 |
1 |
|
|a компоновка
|
| 610 |
1 |
|
|a проводящие соединения
|
| 610 |
1 |
|
|a печатные соединения
|
| 610 |
1 |
|
|a трассировка
|
| 610 |
1 |
|
|a искусственный интеллект
|
| 610 |
1 |
|
|a экспертные системы
|
| 610 |
1 |
|
|a проектные решения
|
| 610 |
1 |
|
|a технологические маршруты
|
| 610 |
1 |
|
|a технологические операции
|
| 610 |
1 |
|
|a типовые узлы
|
| 610 |
1 |
|
|a сборка
|
| 610 |
1 |
|
|a информационные системы
|
| 610 |
1 |
|
|a качество
|
| 610 |
1 |
|
|a экономическая эффективность
|
| 610 |
1 |
|
|a теория
|
| 610 |
1 |
|
|a учебные пособия
|
| 675 |
|
|
|a 621.37/.39(075.8)
|v 3
|
| 700 |
|
1 |
|a Головицына
|b М. В.
|g Майя Владимировна
|
| 801 |
|
1 |
|a RU
|b 63413507
|c 20110608
|
| 801 |
|
2 |
|a RU
|b 63413507
|c 20150609
|g RCR
|
| 900 |
|
|
|a Информационные технологии
|
| 942 |
|
|
|c BK
|
| 951 |
|
|
|b 210400
|
| 959 |
|
|
|a 60/20110607
|d 5
|e 330,00
|f ЧЗТЛ:1
|f АНЛ:1
|f УФ:3
|